Grace to the finish. #8 / Julie Hyzy.
Available copies
- 1 of 1 copy available at LARL/NWRL Consortium.
- 1 of 1 copy available at Lake Agassiz Regional Library. (Show preferred library)
Current holds
0 current holds with 1 total copy.
Show All Copies
| Location | Call Number / Copy Notes | Barcode | Shelving Location | Status | Due Date |
|---|---|---|---|---|---|
| Moorhead Public Library | M HYZ (Text) | 33500012522777 | Main | Available | - |
Record details
- ISBN: 9780425281635
- ISBN: 0425281639
- Physical Description: 294 pages ; 17 cm.
- Edition: First edition.
- Publisher: New York : Berkley Prime Crime, 2017.
Content descriptions
| Summary, etc.: | "Now that Grace Wheaton has officially been named ... Read More |
Search for related items by subject
| Subject: | Wheaton, Grace (Fictitious character) > Fiction. Bankers > Fiction. Murder > Fiction. |
| Genre: | Detective and mystery fiction. |
Search for related items by series
| LDR | 01675cam a2200385Ii 4500 | ||
|---|---|---|---|
| 001 | 253738 | ||
| 003 | LARL_NWRL_CONSORTIUM | ||
| 005 | 20170623125549.0 | ||
| 008 | 161006s2017 nyu 000 1 eng d | ||
| 040 | . | ‡aBTCTA ‡beng ‡erda ‡cBTCTA ‡dBDX ‡dYDX ‡dFWP ‡dGO6 | |
| 020 | . | ‡a9780425281635 ‡q(paperback) | |
| 020 | . | ‡a0425281639 ‡q(paperback) | |
| 035 | . | ‡a(OCoLC)960286828 | |
| 082 | 0 | 4. | ‡a813/.6 ‡223 |
| 100 | 1 | . | ‡aHyzy, Julie A., ‡eauthor. ‡0(LARL_NWRL_CONSORTIUM)222618 |
| 245 | 1 | 0. | ‡aGrace to the finish. ‡n#8 / ‡cJulie Hyzy. |
| 250 | . | ‡aFirst edition. | |
| 264 | 1. | ‡aNew York : ‡bBerkley Prime Crime, ‡c2017. | |
| 300 | . | ‡a294 pages ; ‡c17 cm. | |
| 336 | . | ‡atext ‡btxt ‡2rdacontent | |
| 337 | . | ‡aunmediated ‡bn ‡2rdamedia | |
| 338 | . | ‡avolume ‡bnc ‡2rdacarrier | |
| 490 | 0 | . | ‡aManor House mystery ; ‡v8 |
| 520 | . | ‡a"Now that Grace Wheaton has officially been named heir to Bennett Marshfield's fortune, her usually busy schedule has become a juggling act. In addition to her duties at Marshfield Manor, she's bankrolling her roommates' refurbished wine shop. Grace is excited to check out the rustic space with Bruce and Scott. but that excitement turns to dismay when they stumble upon the body of the banker involved with the sale."--Back cover. | |
| 650 | 0. | ‡aWheaton, Grace (Fictitious character) ‡vFiction. | |
| 650 | 0. | ‡aBankers ‡vFiction. ‡0(LARL_NWRL_CONSORTIUM)163635 | |
| 650 | 0. | ‡aMurder ‡vFiction. ‡0(LARL_NWRL_CONSORTIUM)165989 | |
| 655 | 7. | ‡aDetective and mystery fiction. ‡2lcgft | |
| 901 | . | ‡a253738 ‡bOCoLC ‡c253738 ‡tbiblio ‡soclc | |

Add to basket
Permalink
Disable Highlighting